Black Logos Close-Up Quiz Stats

 Plays Quiz Updated Oct 15, 2018

Score 0/20 Timer 06:00
1 Play Today
Hint Answer % Correct
Apple
99.7%
Disney
98.4%
Adidas
98.3%
Nike
97.3%
Puma
97%
Playboy Enterprises, Inc.
93.8%
American Broadcasting Company
87.9%
Vans
87.2%
Atari
85.9%
Chanel
84.3%
Hint Answer % Correct
Brooklyn Nets
79%
World Wildlife Fund
75.9%
Public Broadcasting Service
73.6%
Oakland Raiders
68.7%
The New York Times
67.5%
Louis Vuitton
65.6%
Crocs
56.3%
Converse
55.8%
DC Shoes
54.6%
Blackberry
28%

You're not logged in!

Compare scores with friends on all Sporcle quizzes.
OR
Log In

Sporcle TV

Today on Sporcle TV


Watch our educational content, quiz creation guides, and fun videos on Sporcle TV.

Show Comments

Extras

Top Quizzes Today


Score Distribution

Your Account Isn't Verified!

In order to create a playlist on Sporcle, you need to verify the email address you used during registration. Go to your Sporcle Settings to finish the process.

Report this User

Report this user for behavior that violates our Community Guidelines.

Details: